The kids' invention book / (Record no. 3832)

MARC details
000 -LEADER
fixed length control field 00982pam a2200289 a 4500
005 - DATE AND TIME OF LATEST TRANSACTION
control field 20240515153850.0
020 ## - INTERNATIONAL STANDARD BOOK NUMBER
International Standard Book Number 0439271096
040 ## - CATALOGING SOURCE
Original cataloging agency DLC
Transcribing agency DLC
Modifying agency DLC
Language of cataloging eng
050 00 - LIBRARY OF CONGRESS CALL NUMBER
Classification number T339.E75
Item number 1997
082 00 - DEWEY DECIMAL CLASSIFICATION NUMBER
Classification number 608
100 1# - MAIN ENTRY--PERSONAL NAME
Personal name Erlbach, Arlene
245 14 - TITLE STATEMENT
Title The kids' invention book /
Statement of responsibility, etc. by Arlene Erlbach
260 ## - PUBLICATION, DISTRIBUTION, ETC.
Place of publication, distribution, etc. New York :
Name of publisher, distributor, etc. Scholastic ;
Date of publication, distribution, etc. 1997
300 ## - PHYSICAL DESCRIPTION
Extent 64 pages :
Other physical details color illustrations ;
Dimensions 24 cm.
505 ## - FORMATTED CONTENTS NOTE
Formatted contents note R <br/>
520 ## - SUMMARY, ETC.
Summary, etc. Profiles eleven inventors between the ages of eight and fourteen, describes the steps involved in inventing a new product, and discusses contests, patents, lawyers, and clubs.
521 ## - TARGET AUDIENCE NOTE
Target audience note 760 <br/>
Source Lexile <br/>
521 ## - TARGET AUDIENCE NOTE
Target audience note R <br/>
Source Raz-Plus <br/>
650 #0 - SUBJECT ADDED ENTRY--TOPICAL TERM
Topical term or geographic name entry element Inventions
General subdivision Juvenile literature.
650 #0 - SUBJECT ADDED ENTRY--TOPICAL TERM
Topical term or geographic name entry element Children as inventors
General subdivision Juvenile literature.
650 #1 - SUBJECT ADDED ENTRY--TOPICAL TERM
Topical term or geographic name entry element Inventions.
650 #1 - SUBJECT ADDED ENTRY--TOPICAL TERM
Topical term or geographic name entry element Children as inventors.
650 #1 - SUBJECT ADDED ENTRY--TOPICAL TERM
Topical term or geographic name entry element Inventors.
906 ## - LOCAL DATA ELEMENT F, LDF (RLIN)
a 7
b cbc
c orignew
d 1
e ocip
f 19
g y-gencatlg
942 ## - ADDED ENTRY ELEMENTS (KOHA)
Source of classification or shelving scheme Dewey Decimal Classification
Koha item type Books
Suppress in OPAC No
999 ## -
-- 3832
-- 3832
Holdings
Withdrawn status Lost status Source of classification or shelving scheme Damaged status Not for loan Collection Home library Current library Shelving location Date acquired Total Checkouts Full call number Barcode Date last seen Price effective from Koha item type
    Dewey Decimal Classification     Non-Fiction Footprints International School Library Network Toul Kork Campus Footprints International School Library Network Toul Kork Campus   05/15/2024   ERL 608 T339.E75 FISTK01779 05/15/2024 05/15/2024 Books